[Event "Speed Chess (Women) Q2"]
[Site "Chess.com INT"]
[Date "2022.05.26"]
[Round "12"]
[White "Aydin, Gulenay"]
[Black "Komiagina, Maria"]
[Result "1-0"]
[WhiteElo "2143"]
[BlackElo "2241"]
[PlyCount "37"]
[EventDate "2022.05.26"]
[EventType "swiss (blitz)"]
[EventRounds "14"]
[EventCountry "USA"]
[SourceTitle "CBM 208 Extra"]
[Source "ChessBase"]
[SourceDate "2022.07.31"]
[SourceVersion "1"]
[SourceVersionDate "2022.07.31"]
[SourceQuality "1"]

1. e4 c5 2. Nf3 Nc6 3. Bb5 e6 4. 0-0 Nge7 5. Re1 a6 6. Bf1 Nd4 7. c3 Nxf3+ 8. Qxf3 Ng6 9. d4 cxd4 10. cxd4 d6 11. Nc3 Be7 12. Be3 0-0 13. Rad1 b5 14. g3 Bb7 15. Bg2 Qa5 16. h4 Rfe8 17. h5 Nf8 18. a3 b4 19. axb4 1-0

[Event "Speed Chess (Women) Q2"]
[Site "Chess.com INT"]
[Date "2022.05.26"]
[Round "11"]
[White "Komiagina, Maria"]
[Black "Kairbekova, Amina"]
[Result "1-0"]
[WhiteElo "2241"]
[BlackElo "2189"]
[PlyCount "103"]
[EventDate "2022.05.26"]
[EventType "swiss (blitz)"]
[EventRounds "14"]
[EventCountry "USA"]
[SourceTitle "CBM 208 Extra"]
[Source "ChessBase"]
[SourceDate "2022.07.31"]
[SourceVersion "1"]
[SourceVersionDate "2022.07.31"]
[SourceQuality "1"]

1. e4 e5 2. Nf3 Nc6 3. Bb5 a6 4. Ba4 Nf6 5. d3 b5 6. Bb3 Bc5 7. 0-0 d6 8. h3 0-0 9. c3 Bb6 10. a4 Rb8 11. axb5 axb5 12. Re1 h6 13. Nbd2 Re8 14. Nf1 d5 15. Ng3 Be6 16. Bc2 b4 17. Qe2 Qd7 18. Ba4 Qd6 19. Bxc6 Qxc6 20. Nxe5 Qd6 21. d4 bxc3 22. bxc3 Nxe4 23. Nxe4 dxe4 24. Ba3 Qd5 25. Qxe4 Qxe4 26. Rxe4 Bd5 27. Re3 f6 28. Nd3 Rxe3 29. fxe3 Re8 30. Kf2 Be4 31. Nf4 g5 32. Ne2 Kf7 33. Bb4 Bd3 34. Rd1 Bc4 35. Ng3 Kg6 36. e4 h5 37. Ke3 h4 38. Nf5 Bd5 39. Ne7+ Rxe7 40. Bxe7 Bc4 41. Bc5 Ba5 42. Kd2 Kf7 43. Ra1 Bb6 44. Bxb6 cxb6 45. Ra7+ Ke6 46. d5+ Ke5 47. Ke3 f5 48. Re7+ Kd6 49. Re6+ Kc5 50. Rc6+ Kb5 51. Rxc4 Kxc4 52. d6 1-0

[Event "Speed Chess (Women) Q2"]
[Site "Chess.com INT"]
[Date "2022.05.26"]
[Round "6"]
[White "Komiagina, Maria"]
[Black "Liu, Manli"]
[Result "0-1"]
[WhiteElo "2241"]
[BlackElo "2195"]
[PlyCount "84"]
[EventDate "2022.05.26"]
[EventType "swiss (blitz)"]
[EventRounds "14"]
[EventCountry "USA"]
[SourceTitle "CBM 208 Extra"]
[Source "ChessBase"]
[SourceDate "2022.07.31"]
[SourceVersion "1"]
[SourceVersionDate "2022.07.31"]
[SourceQuality "1"]

1. e4 c5 2. Nf3 e6 3. d4 cxd4 4. Nxd4 Nc6 5. Nc3 Qc7 6. Nxc6 bxc6 7. Bd3 d5 8. Qe2 Bb7 9. 0-0 Nf6 10. b3 Be7 11. Bb2 0-0 12. Kh1 c5 13. Rae1 Rfe8 14. e5 Nd7 15. f4 Rac8 16. Qh5 g6 17. Qg4 c4 18. bxc4 dxc4 19. Be4 Nc5 20. Bxb7 Qxb7 21. Ba3 Red8 22. Bxc5 Rxc5 23. Ne4 Rcd5 24. h4 h5 25. Qf3 Bxh4 26. g3 Be7 27. Kg2 Kg7 28. Rh1 Rd2+ 29. Kf1 Rxc2 30. g4 hxg4 31. Qxg4 c3 32. Rh3 Rh8 33. Rxh8 Kxh8 34. Qh3+ Kg7 35. Qd3 Qb2 36. Qh3 Qb5+ 37. Kg1 Bc5+ 38. Kh1 Re2 39. Rxe2 Qxe2 40. Nf6 Qe1+ 41. Kg2 Qf2+ 42. Kh1 Qg1# 0-1

[Event "Speed Chess (Women) Q2"]
[Site "Chess.com INT"]
[Date "2022.05.26"]
[Round "13"]
[White "Komiagina, Maria"]
[Black "Nomin Erdene, Davaademberel"]
[Result "0-1"]
[WhiteElo "2241"]
[BlackElo "2388"]
[PlyCount "68"]
[EventDate "2022.05.26"]
[EventType "swiss (blitz)"]
[EventRounds "14"]
[EventCountry "USA"]
[SourceTitle "CBM 208 Extra"]
[Source "ChessBase"]
[SourceDate "2022.07.31"]
[SourceVersion "1"]
[SourceVersionDate "2022.07.31"]
[SourceQuality "1"]

1. e4 c6 2. d4 d5 3. e5 Bf5 4. h4 Qb6 5. g4 Bd7 6. Bg2 e6 7. Ne2 c5 8. 0-0 cxd4 9. Nxd4 Nc6 10. Nxc6 bxc6 11. b3 Ne7 12. h5 c5 13. Bb2 Nc6 14. Qe2 Be7 15. c4 d4 16. Nd2 Rd8 17. f4 Nb4 18. a3 Nc2 19. Rac1 Ne3 20. Rf2 Bc6 21. Bxc6+ Qxc6 22. Qd3 Nxg4 23. Rg2 Ne3 24. Ne4 Nxg2 25. Kxg2 f5 26. exf6 gxf6 27. Kh2 Rg8 28. Re1 f5 29. Ng5 Bxg5 30. fxg5 Rxg5 31. Qh3 Kf7 32. Bc1 Rg4 33. h6 Rdg8 34. Qh5+ R8g6 0-1

[Event "Titled Tuesday intern op 08th Mar Early"]
[Site "Chess.com INT"]
[Date "2022.03.08"]
[Round "8"]
[White "Dolzhikova, Kateryna"]
[Black "Komiagina, Maria"]
[Result "1-0"]
[WhiteElo "2199"]
[BlackElo "2241"]
[PlyCount "81"]
[EventDate "2022.03.08"]
[EventType "swiss (blitz)"]
[EventRounds "11"]
[EventCountry "USA"]
[SourceTitle "CBM 207 Extra"]
[Source "ChessBase"]
[SourceDate "2022.05.31"]
[SourceVersion "1"]
[SourceVersionDate "2022.05.31"]
[SourceQuality "1"]

1. e4 c5 2. Nf3 Nc6 3. Bb5 e6 4. 0-0 Nge7 5. Re1 a6 6. Bf1 d5 7. Nc3 d4 8. Ne2 Ng6 9. d3 Be7 10. Nf4 0-0 11. Nh5 e5 12. h3 Be6 13. Bd2 b5 14. Qc1 Rc8 15. Bh6 Bf6 16. Nxf6+ gxf6 17. Bxf8 Qxf8 18. Kh2 c4 19. Qd2 Qd6 20. g3 Kg7 21. h4 h5 22. Bh3 Bg4 23. Kg2 Bxh3+ 24. Kxh3 Qe6+ 25. Kh2 Qg4 26. Qe2 Qe6 27. a3 Rh8 28. Rac1 Nce7 29. c3 cxd3 30. Qxd3 dxc3 31. Rxc3 Rd8 32. Qe2 Rd7 33. Rd1 Rxd1 34. Qxd1 Qg4 35. Qe2 f5 36. exf5 Nxf5 37. Rc2 e4 38. Ng5 Nd4 39. Qxg4 hxg4 40. Rc7 Ne5 41. Nxe4 1-0

[Event "Titled Tuesday intern op 08th Mar Early"]
[Site "Chess.com INT"]
[Date "2022.03.08"]
[Round "4"]
[White "Gabdrakhmanov, Azat"]
[Black "Komiagina, Maria"]
[Result "1-0"]
[WhiteElo "2319"]
[BlackElo "2241"]
[PlyCount "79"]
[EventDate "2022.03.08"]
[EventType "swiss (blitz)"]
[EventRounds "11"]
[EventCountry "USA"]
[SourceTitle "CBM 207 Extra"]
[Source "ChessBase"]
[SourceDate "2022.05.31"]
[SourceVersion "1"]
[SourceVersionDate "2022.05.31"]
[SourceQuality "1"]

1. e4 c5 2. Nf3 Nc6 3. d4 cxd4 4. Nxd4 Nf6 5. Nc3 d6 6. Bg5 e6 7. Qd2 a6 8. 0-0-0 h6 9. Bxf6 Qxf6 10. Nb3 Qd8 11. Kb1 Be7 12. f4 Qc7 13. g4 b5 14. Bd3 Bb7 15. h4 Rc8 16. g5 b4 17. Ne2 a5 18. g6 a4 19. gxf7+ Kxf7 20. Nbd4 Nxd4 21. Nxd4 a3 22. f5 e5 23. Nb5 Qc5 24. b3 d5 25. f6 Bxf6 26. Rhg1 Rhd8 27. Qg2 Kf8 28. Rdf1 Qe7 29. Rxf6+ Qxf6 30. Rf1 dxe4 31. Rxf6+ gxf6 32. Be2 Rd2 33. Qf1 Ke7 34. c3 Ba6 35. Bg4 Rcd8 36. Qf5 Rb2+ 37. Kc1 Bc8 38. Qh7+ Kf8 39. Qh8+ Ke7 40. Qg7+ 1-0

[Event "Titled Tuesday intern op 08th Mar Early"]
[Site "Chess.com INT"]
[Date "2022.03.08"]
[Round "9"]
[White "Komiagina, Maria"]
[Black "Havanecz, Bianka"]
[Result "1-0"]
[WhiteElo "2241"]
[BlackElo "2250"]
[PlyCount "51"]
[EventDate "2022.03.08"]
[EventType "swiss (blitz)"]
[EventRounds "11"]
[EventCountry "USA"]
[SourceTitle "CBM 207 Extra"]
[Source "ChessBase"]
[SourceDate "2022.05.31"]
[SourceVersion "1"]
[SourceVersionDate "2022.05.31"]
[SourceQuality "1"]

1. e4 c6 2. d4 d5 3. exd5 cxd5 4. c4 e6 5. Nc3 Nf6 6. Nf3 Be7 7. Bd3 dxc4 8. Bxc4 0-0 9. 0-0 Nc6 10. Re1 Nb4 11. Bb3 b6 12. a3 Nbd5 13. Ne5 Bb7 14. Bg5 Rc8 15. Qd3 h6 16. Bd2 Qc7 17. Rac1 Qb8 18. Bc2 Qa8 19. Ng4 Rfd8 20. Nxd5 Bxd5 21. Nxf6+ Bxf6 22. Qh7+ Kf8 23. Bb4+ Ke8 24. Qg8+ Kd7 25. Qxf7+ Kc6 26. Ba4# 1-0

[Event "Titled Tuesday intern op 08th Mar Early"]
[Site "Chess.com INT"]
[Date "2022.03.08"]
[Round "10"]
[White "Komiagina, Maria"]
[Black "Ljukin, Sergei"]
[Result "0-1"]
[WhiteElo "2241"]
[BlackElo "2362"]
[PlyCount "102"]
[EventDate "2022.03.08"]
[EventType "swiss (blitz)"]
[EventRounds "11"]
[EventCountry "USA"]
[SourceTitle "CBM 207 Extra"]
[Source "ChessBase"]
[SourceDate "2022.05.31"]
[SourceVersion "1"]
[SourceVersionDate "2022.05.31"]
[SourceQuality "1"]

1. e4 e6 2. d4 d5 3. exd5 exd5 4. Nf3 Nf6 5. Bd3 c5 6. dxc5 Bxc5 7. h3 0-0 8. 0-0 Nc6 9. Bg5 h6 10. Bh4 g5 11. Bg3 Ne4 12. Bh2 f5 13. Nc3 Be6 14. Ne5 Qf6 15. Nxc6 bxc6 16. Na4 Be7 17. c3 f4 18. f3 Nc5 19. Kh1 Nxd3 20. Qxd3 Bf5 21. Qd4 Qxd4 22. cxd4 Bd6 23. Bg1 Rfe8 24. Rfe1 Bb4 25. Rxe8+ Rxe8 26. Rc1 Re2 27. a3 Bd2 28. Ra1 Be3 29. b4 Rd2 30. Nc5 Rxd4 31. Re1 Bxg1 32. Kxg1 Rd2 33. Re7 d4 34. Rxa7 d3 35. Ra8+ Kf7 36. Rd8 Ke7 37. Rd4 Ra2 38. Kf1 Rxa3 39. Ke1 Ra2 40. Kd1 Rxg2 41. Nxd3 Bxh3 42. Ne5 Bf5 43. Nxc6+ Ke6 44. b5 Rb2 45. Na7 h5 46. Ra4 h4 47. Ra6+ Ke5 48. b6 h3 49. Nc6+ Kd5 50. Ne7+ Ke5 51. Ra5+ Ke6 0-1

[Event "Titled Tuesday intern op 08th Mar Early"]
[Site "Chess.com INT"]
[Date "2022.03.08"]
[Round "1"]
[White "Morefield, Jason P"]
[Black "Komiagina, Maria"]
[Result "1-0"]
[WhiteElo "2242"]
[BlackElo "2241"]
[PlyCount "45"]
[EventDate "2022.03.08"]
[EventType "swiss (blitz)"]
[EventRounds "11"]
[EventCountry "USA"]
[SourceTitle "CBM 207 Extra"]
[Source "ChessBase"]
[SourceDate "2022.05.31"]
[SourceVersion "1"]
[SourceVersionDate "2022.05.31"]
[SourceQuality "1"]

1. d4 Nf6 2. c4 g6 3. Nc3 Bg7 4. e4 d6 5. Nf3 0-0 6. Be2 e5 7. Be3 Ng4 8. Bg5 f6 9. Bc1 Nc6 10. h3 Nh6 11. Be3 Qe8 12. Qd2 Nf7 13. d5 Ne7 14. g4 f5 15. gxf5 gxf5 16. exf5 Nxf5 17. 0-0-0 Nxe3 18. fxe3 Bf5 19. Rdg1 Kh8 20. h4 Qe7 21. Ng5 Bh6 22. e4 Bd7 23. Nxf7+ 1-0

[Event "Titled Tuesday intern op 08th Mar Early"]
[Site "Chess.com INT"]
[Date "2022.03.08"]
[Round "11"]
[White "Shubenkova, Veronika"]
[Black "Komiagina, Maria"]
[Result "1-0"]
[WhiteElo "1762"]
[BlackElo "2241"]
[PlyCount "77"]
[EventDate "2022.03.08"]
[EventType "swiss (blitz)"]
[EventRounds "11"]
[EventCountry "USA"]
[SourceTitle "CBM 207 Extra"]
[Source "ChessBase"]
[SourceDate "2022.05.31"]
[SourceVersion "1"]
[SourceVersionDate "2022.05.31"]
[SourceQuality "1"]

1. d4 Nf6 2. e3 g6 3. Nf3 Bg7 4. Be2 d6 5. 0-0 0-0 6. b3 Nbd7 7. Bb2 e5 8. c4 c6 9. dxe5 Ng4 10. Qxd6 Re8 11. Rd1 Qb6 12. Bd4 Qa5 13. Bc3 Qb6 14. Nbd2 Ngxe5 15. Nxe5 Nxe5 16. c5 Qd8 17. Ne4 Qh4 18. Ng3 Bg4 19. Bxe5 Bxe5 20. Qd2 Bxa1 21. Rxa1 Bxe2 22. Qxe2 Rad8 23. Rc1 Rd5 24. a3 Red8 25. b4 Qe7 26. Qf3 f5 27. h3 Rd2 28. e4 R2d3 29. Qf4 fxe4 30. Nxe4 Rf8 31. Qg4 Rd4 32. f3 Qe5 33. Re1 Rd3 34. a4 Qd4+ 35. Kh2 Kg7 36. Qe6 Rf7 37. Nd6 Qf4+ 38. Kh1 Rf6 39. Ne8+ 1-0

[Event "Titled Tuesday intern op 08th Feb Early"]
[Site "Chess.com INT"]
[Date "2022.02.08"]
[Round "9"]
[White "Praslov, Andrey"]
[Black "Komiagina, Maria"]
[Result "0-1"]
[WhiteElo "2402"]
[BlackElo "2241"]
[PlyCount "64"]
[EventDate "2022.02.08"]
[EventType "swiss (blitz)"]
[EventRounds "11"]
[EventCountry "USA"]
[SourceTitle "CBM 206 Extra"]
[Source "ChessBase"]
[SourceDate "2022.03.31"]
[SourceVersion "1"]
[SourceVersionDate "2022.03.31"]
[SourceQuality "1"]

1. d4 Nf6 2. c4 e6 3. Nc3 d5 4. cxd5 exd5 5. Bg5 c6 6. e3 Be7 7. Bd3 h6 8. Bh4 0-0 9. Qc2 Na6 10. a3 Nc7 11. Nf3 Re8 12. 0-0 Ne4 13. Bxe7 Qxe7 14. Bxe4 dxe4 15. Ne5 f5 16. f3 exf3 17. Rxf3 Be6 18. Raf1 Rad8 19. Rg3 c5 20. Ne2 cxd4 21. exd4 Nd5 22. Qd2 Kh7 23. Qd3 Bc8 24. Qf3 Nf6 25. h4 Ne4 26. Rh3 Nd2 27. Qg3 Nxf1 28. Qg6+ Kg8 29. Kxf1 Qe6 30. Qg3 f4 31. Nxf4 Rf8 32. Kg1 Qd6 0-1

[Event "Titled Tuesday intern op 01st Feb-A"]
[Site "Chess.com INT"]
[Date "2022.02.01"]
[Round "8"]
[White "Farmani Anosheh, Armin"]
[Black "Komiagina, Maria"]
[Result "1-0"]
[WhiteElo "2345"]
[BlackElo "2241"]
[PlyCount "83"]
[EventDate "2022.02.01"]
[EventType "swiss (blitz)"]
[EventRounds "11"]
[EventCountry "USA"]
[SourceTitle "CBM 206 Extra"]
[Source "ChessBase"]
[SourceDate "2022.03.31"]
[SourceVersion "1"]
[SourceVersionDate "2022.03.31"]
[SourceQuality "1"]

1. d4 Nf6 2. c4 g6 3. f3 Bg7 4. e4 d6 5. Nc3 c6 6. Nge2 a6 7. c5 b6 8. cxb6 Qxb6 9. g4 h5 10. g5 Nfd7 11. h4 0-0 12. Bh3 e5 13. d5 Bb7 14. dxc6 Bxc6 15. Nd5 Bxd5 16. Qxd5 Ra7 17. Nc3 Rc7 18. Qd3 Nc5 19. Qc2 Ne6 20. Qf2 Nd4 21. Nd5 Qa5+ 22. b4 Rxc1+ 23. Rxc1 Qb5 24. Bf1 Qa4 25. Bc4 Nbc6 26. 0-0 Kh7 27. Kh1 Nd8 28. f4 exf4 29. Nxf4 N8e6 30. Nd5 Qd7 31. Nf6+ Bxf6 32. gxf6 Nc6 33. Bd5 Ne5 34. Qg3 Ng4 35. Rc3 Nc7 36. Rfc1 Nxd5 37. exd5 Qd8 38. Qf4 Nxf6 39. Qf3 Ng4 40. Rc6 Qxh4+ 41. Kg1 Qh2+ 42. Kf1 1-0

[Event "Titled Tuesday intern op 01st Feb-A"]
[Site "Chess.com INT"]
[Date "2022.02.01"]
[Round "11"]
[White "Komiagina, Maria"]
[Black "Aaditya, Dhingra"]
[Result "0-1"]
[WhiteElo "2241"]
[BlackElo "2038"]
[PlyCount "42"]
[EventDate "2022.02.01"]
[EventType "swiss (blitz)"]
[EventRounds "11"]
[EventCountry "USA"]
[SourceTitle "CBM 206 Extra"]
[Source "ChessBase"]
[SourceDate "2022.03.31"]
[SourceVersion "1"]
[SourceVersionDate "2022.03.31"]
[SourceQuality "1"]

1. e4 e5 2. Nf3 Nc6 3. Bb5 a6 4. Ba4 Nf6 5. d3 d6 6. 0-0 g6 7. h3 Bg7 8. c4 0-0 9. Nc3 Nd7 10. Nd5 Nc5 11. Bc2 Ne6 12. Be3 f5 13. b4 f4 14. Bd2 Ncd4 15. Bc3 Nxf3+ 16. Qxf3 c6 17. Bb2 cxd5 18. exd5 Ng5 19. Qd1 f3 20. g3 Bxh3 21. Re1 Qc8 0-1

[Event "Motiva Online Blitz (Women)"]
[Site "Chess.com INT"]
[Date "2021.12.18"]
[Round "7"]
[White "Ivasenko, Vera"]
[Black "Komiagina, Maria"]
[Result "0-1"]
[WhiteElo "1332"]
[BlackElo "2241"]
[PlyCount "50"]
[EventDate "2021.12.18"]
[EventType "swiss (blitz)"]
[EventRounds "13"]
[EventCountry "USA"]
[SourceTitle "CBM 205 Extra"]
[Source "ChessBase"]
[SourceDate "2022.01.31"]
[SourceVersion "1"]
[SourceVersionDate "2022.01.31"]
[SourceQuality "1"]

1. e4 c5 2. Nf3 d6 3. d4 cxd4 4. Nxd4 Nf6 5. Nc3 a6 6. Be3 e6 7. f3 b5 8. Qd2 Nbd7 9. g4 Nb6 10. h4 Bb7 11. 0-0-0 Rc8 12. h5 b4 13. Nb1 d5 14. exd5 Nfxd5 15. Bf2 Qc7 16. Rg1 Bd6 17. g5 Bf4 18. Qxf4 Qxf4+ 19. Nd2 Ne3 20. Bxe3 Qxe3 21. Ne2 Nc4 22. f4 Nxd2 23. Rxd2 Rd8 24. Ng3 Qxd2+ 25. Kb1 Qd1# 0-1

[Event "Motiva Online Blitz (Women)"]
[Site "Chess.com INT"]
[Date "2021.12.18"]
[Round "9"]
[White "Kabanova, Ekaterina"]
[Black "Komiagina, Maria"]
[Result "1-0"]
[WhiteElo "2138"]
[BlackElo "2241"]
[PlyCount "71"]
[EventDate "2021.12.18"]
[EventType "swiss (blitz)"]
[EventRounds "13"]
[EventCountry "USA"]
[SourceTitle "CBM 205 Extra"]
[Source "ChessBase"]
[SourceDate "2022.01.31"]
[SourceVersion "1"]
[SourceVersionDate "2022.01.31"]
[SourceQuality "1"]

1. c4 Nf6 2. Nf3 g6 3. d4 Bg7 4. Nc3 d6 5. e4 0-0 6. h3 e5 7. d5 Qe8 8. g4 Kh8 9. Bd3 Na6 10. Be3 Nc5 11. Bc2 a5 12. a3 Ng8 13. Rb1 f5 14. gxf5 gxf5 15. b4 Nxe4 16. Nxe4 fxe4 17. Bxe4 axb4 18. axb4 Bf5 19. Bxf5 Rxf5 20. Ng5 Bh6 21. h4 Ra2 22. Ra1 Rxa1 23. Qxa1 Nf6 24. Qb1 e4 25. Bd4 Bg7 26. Ne6 Qh5 27. Rg1 Bh6 28. Qb2 Qf3 29. Ng5 Bxg5 30. hxg5 e3 31. gxf6 exf2+ 32. Bxf2 Re5+ 33. Kf1 Qh3+ 34. Rg2 Qh1+ 35. Bg1 Qh3 36. f7 1-0

[Event "Motiva Online Blitz (Women)"]
[Site "Chess.com INT"]
[Date "2021.12.18"]
[Round "10"]
[White "Komiagina, Maria"]
[Black "Gileva, Irina"]
[Result "0-1"]
[WhiteElo "2241"]
[BlackElo "2077"]
[PlyCount "108"]
[EventDate "2021.12.18"]
[EventType "swiss (blitz)"]
[EventRounds "13"]
[EventCountry "USA"]
[SourceTitle "CBM 205 Extra"]
[Source "ChessBase"]
[SourceDate "2022.01.31"]
[SourceVersion "1"]
[SourceVersionDate "2022.01.31"]
[SourceQuality "1"]

1. e4 e5 2. Nf3 Nf6 3. Nxe5 d6 4. Nf3 Nxe4 5. Nc3 Nf6 6. d4 Be7 7. h3 0-0 8. Bd3 Nc6 9. Bf4 Nb4 10. a3 Nxd3+ 11. Qxd3 Re8 12. 0-0-0 a6 13. g4 b5 14. d5 Bd7 15. Nd4 Qb8 16. Bd2 b4 17. axb4 Qxb4 18. Nb3 Qb7 19. g5 Nh5 20. Qf3 g6 21. Rhe1 a5 22. Ne4 a4 23. Na1 a3 24. b3 Bf5 25. Ng3 Nxg3 26. fxg3 Bf8 27. Bc3 Bg7 28. Bxg7 Kxg7 29. g4 Bd7 30. Qf6+ Kg8 31. Rf1 Rf8 32. h4 Qa7 33. h5 Qe3+ 34. Rd2 Bxg4 35. h6 Qe5 36. Qxe5 dxe5 37. c4 Bf5 38. Re1 Rfe8 39. Rf2 Kf8 40. Rf3 e4 41. Rfe3 Ke7 42. Kd2 Kd6 43. Kc3 c6 44. dxc6 Kxc6 45. b4 Red8 46. Nb3 Rd3+ 47. Rxd3 exd3 48. Nd4+ Kd6 49. c5+ Kd5 50. Nxf5 gxf5 51. Rd1 Ke4 52. Re1+ Kf3 53. b5 a2 54. Ra1 Ra3+ 0-1

[Event "Motiva Online Blitz (Women)"]
[Site "Chess.com INT"]
[Date "2021.12.18"]
[Round "6"]
[White "Komiagina, Maria"]
[Black "Iudina, Veronika"]
[Result "0-1"]
[WhiteElo "2241"]
[BlackElo "1663"]
[PlyCount "72"]
[EventDate "2021.12.18"]
[EventType "swiss (blitz)"]
[EventRounds "13"]
[EventCountry "USA"]
[SourceTitle "CBM 205 Extra"]
[Source "ChessBase"]
[SourceDate "2022.01.31"]
[SourceVersion "1"]
[SourceVersionDate "2022.01.31"]
[SourceQuality "1"]

1. e4 e5 2. Nf3 Nc6 3. Bb5 Nge7 4. 0-0 g6 5. d4 exd4 6. Bg5 Bg7 7. Qd2 h6 8. Bf4 g5 9. Bg3 0-0 10. h4 g4 11. Nh2 d5 12. exd5 Qxd5 13. Na3 Nf5 14. Bc4 Qd8 15. Nb5 a6 16. Na3 Nxh4 17. Rfe1 Nf5 18. Bf4 h5 19. Rad1 b5 20. Bd3 Be6 21. Nf1 Qd7 22. Ng3 Nxg3 23. fxg3 Bf5 24. Bh6 Bg6 25. Bxg7 Kxg7 26. Qf4 Rae8 27. Rf1 Qd5 28. Nb1 Qe5 29. Qf2 Qe3 30. Nd2 Qxf2+ 31. Rxf2 Bxd3 32. cxd3 Re3 33. Ne4 Nb4 34. Rfd2 Nxa2 35. Kf2 Nb4 36. Nc5 c6 0-1

[Event "Motiva Online Blitz (Women)"]
[Site "Chess.com INT"]
[Date "2021.12.18"]
[Round "4"]
[White "Komiagina, Maria"]
[Black "Luong, Nhat Linh"]
[Result "1-0"]
[WhiteElo "2241"]
[BlackElo "2043"]
[PlyCount "91"]
[EventDate "2021.12.18"]
[EventType "swiss (blitz)"]
[EventRounds "13"]
[EventCountry "USA"]
[SourceTitle "CBM 205 Extra"]
[Source "ChessBase"]
[SourceDate "2022.01.31"]
[SourceVersion "1"]
[SourceVersionDate "2022.01.31"]
[SourceQuality "1"]

1. e4 c5 2. Nf3 d6 3. d4 cxd4 4. Nxd4 Nf6 5. Nc3 Nc6 6. Bc4 Ne5 7. Bb3 g6 8. h3 Bg7 9. 0-0 0-0 10. f4 Nc6 11. Be3 Nxd4 12. Bxd4 Qc7 13. Kh1 Nh5 14. Bxg7 Kxg7 15. Qf3 f5 16. exf5 Bxf5 17. g4 Be6 18. gxh5 Bxb3 19. axb3 Qc5 20. hxg6 hxg6 21. Rg1 Rf5 22. Rg4 Rh8 23. Rag1 Rh6 24. Kh2 Rfh5 25. R4g3 Qf5 26. R1g2 Rh4 27. Ne2 d5 28. Qc3+ Kf7 29. Qe5 Rxh3+ 30. Kg1 Rh1+ 31. Kf2 Qxc2 32. Re3 Qc5 33. Qe6+ Kg7 34. f5 g5 35. Qxe7+ Qxe7 36. Rxe7+ Kf6 37. Rxb7 Kxf5 38. Ng3+ Kf4 39. Nxh1 Rxh1 40. Rxa7 g4 41. Ra4+ Kf5 42. Raxg4 Rb1 43. Ke3 Re1+ 44. Kd2 Re4 45. Rxe4 dxe4 46. Ke3 1-0

[Event "Motiva Online Blitz (Women)"]
[Site "Chess.com INT"]
[Date "2021.12.18"]
[Round "13"]
[White "Komiagina, Maria"]
[Black "Richterova, Natasa"]
[Result "0-1"]
[WhiteElo "2241"]
[BlackElo "2162"]
[PlyCount "64"]
[EventDate "2021.12.18"]
[EventType "swiss (blitz)"]
[EventRounds "13"]
[EventCountry "USA"]
[SourceTitle "CBM 205 Extra"]
[Source "ChessBase"]
[SourceDate "2022.01.31"]
[SourceVersion "1"]
[SourceVersionDate "2022.01.31"]
[SourceQuality "1"]

1. e4 Nf6 2. e5 Nd5 3. d4 d6 4. exd6 cxd6 5. Nf3 g6 6. c4 Nb6 7. Nc3 Bg7 8. Be3 0-0 9. Rc1 Bg4 10. b3 d5 11. c5 Nc8 12. h3 Bxf3 13. Qxf3 e6 14. Qd1 Ne7 15. Bd3 Nbc6 16. Bb1 Nf5 17. Bxf5 gxf5 18. 0-0 Qf6 19. Ne2 Bh6 20. Qd2 Bxe3 21. Qxe3 Kh8 22. a3 a5 23. Rfd1 Rg8 24. f4 Rg6 25. Kh2 Rag8 26. Rg1 h6 27. Rcd1 Kh7 28. Rd2 Qh4 29. Rd3 Rb8 30. Qd2 Rbg8 31. b4 axb4 32. axb4 Qf2 0-1

[Event "Motiva Online Blitz (Women)"]
[Site "Chess.com INT"]
[Date "2021.12.18"]
[Round "12"]
[White "Kucherenko, Olena"]
[Black "Komiagina, Maria"]
[Result "0-1"]
[WhiteElo "2049"]
[BlackElo "2241"]
[PlyCount "72"]
[EventDate "2021.12.18"]
[EventType "swiss (blitz)"]
[EventRounds "13"]
[EventCountry "USA"]
[SourceTitle "CBM 205 Extra"]
[Source "ChessBase"]
[SourceDate "2022.01.31"]
[SourceVersion "1"]
[SourceVersionDate "2022.01.31"]
[SourceQuality "1"]

1. e4 c5 2. Nc3 Nc6 3. d3 g6 4. Be3 Nd4 5. Qd2 Bg7 6. Nd1 b6 7. c3 Nc6 8. g3 d5 9. Bg2 d4 10. cxd4 cxd4 11. e5 Bb7 12. Bf4 Qd7 13. Bh3 e6 14. Bg2 Nge7 15. Bh6 Bxe5 16. f4 Bf6 17. Nf3 Nf5 18. Bg5 Bg7 19. g4 Ne3 20. Nxe3 dxe3 21. Qxe3 Bxb2 22. Rd1 Bc3+ 23. Nd2 Bd4 24. Qe2 0-0 25. Ne4 f6 26. Bh6 Rf7 27. g5 f5 28. Nd2 e5 29. Nb3 exf4 30. Kf1 Re8 31. Qc2 Nb4 32. Qc4 Bxg2+ 33. Kxg2 Re2+ 34. Kh3 Re3+ 35. Kg2 Qb7+ 36. Kg1 Re2+ 0-1

[Event "Titled Tuesday intern op 14th Dec"]
[Site "Chess.com INT"]
[Date "2021.12.14"]
[Round "1"]
[White "Florescu, Codrut Constantin"]
[Black "Komiagina, Maria"]
[Result "1-0"]
[WhiteElo "2285"]
[BlackElo "2241"]
[PlyCount "57"]
[EventDate "2021.12.14"]
[EventType "swiss (blitz)"]
[EventRounds "11"]
[EventCountry "USA"]
[SourceTitle "EXT 2023"]
[Source "ChessBase"]
[SourceDate "2022.10.05"]
[SourceVersion "1"]
[SourceVersionDate "2022.10.05"]
[SourceQuality "1"]

1. d4 Nf6 2. c4 e6 3. Nf3 Bb4+ 4. Nbd2 0-0 5. a3 Be7 6. e4 d5 7. e5 Nfd7 8. cxd5 exd5 9. Bd3 c5 10. h4 cxd4 11. Bxh7+ Kh8 12. Bb1 Qc7 13. Nb3 Nxe5 14. Bf4 Bd6 15. Nxe5 g6 16. Bxg6 fxg6 17. Nxg6+ Kg7 18. Bxd6 Qxd6 19. Nxf8 Nc6 20. Qf3 Qe7+ 21. Kf1 Qxf8 22. Qxf8+ Kxf8 23. Rd1 Bf5 24. Nxd4 Nxd4 25. Rxd4 Rc8 26. Ke2 Rc2+ 27. Rd2 Rc6 28. f3 Re6+ 29. Kf2 1-0